Регионална библиотека "Любен Каравелов" - Русе

Оцелелите (Запис номер 412944)

MARC детайли
000 -Лидер
Контролно поле с фиксирана дължина 00900nam a2200241 a 4500
003 - Код на организацията, давaща контролен номер
Контролно поле BLK
005 - Дата и час на последна редакция
Контролно поле 20250722094051.0
008 - Елементи от данни с фиксирана дължина
fixed length control field 210308b bu |||||r|||| 00| | bu d
020 ## - Международен стандартен номер на книга ISBN
Международен стандартен номер на книга ISBN 9789542834540
040 ## - Източник на каталожния запис
Идентификатор на билиотеката - собственик на записа BLK
041 ## - Код за език
Код за езика на текст/звукозапис или на отделно заглавие Български
Код за езика КДБФ Български
080 ## - УДК
Текстов определител УДК Шведска литература
УДК код - определител по УДК 821.113.6
УДК определител -31
УДК - код + определител 821.113.6-31
100 ## - Редна дума - Автор
R(LIN) 452345
Автор Шулман, Алекс
Авторска отговорност първи автор
139 ## - Редно поле
Редна дума Шулман, Алекс
Авторски знак Шу - Ш 96
245 ## - Сведения за заглавието
Заглавие Оцелелите
Подзаглавни данни Роман
Редно поле (дума) Алекс Шулман; прев. от швед. Стефка Кожухарова.
257 ## - Страна на издаване
Страна на създаване/издаване България
260 ## - Област на издателските данни
Място на издаване, разпространение и проч. София
Име на издателя, разпространителя и проч. Сиела Норма
Година на издаване 2021
9 (RLIN) 217021
Издателство - префикс ISBN 978-954-28-
300 ## - Физическа характеристика
Страници 243 с.
Размери/Мащаб 21 см
380 ## - Жанр
Жанр Худож. лит.
700 ## - Други автори (авторска отговорност)
9 (RLIN) 1206
Лично име Кожухарова, Стефка Диянова
Автороска отговорност (Описва отношението между автора и произведението) прев. от швед.
999 ## - СИСТЕМНИ КОНТРОЛНИ НОМЕРА
Koha biblionumber 412944
Koha biblioitemnumber 412944
942 ## - АРТИКУЛИ
Вид на библиотечния материал Книги
Скрит в OPAC Не
Периодичен библиозапис Да
Koha issues (borrowed), all copies 15
944 ## - СЪЗДАВАНЕ И РЕДАКЦИЯ на ЗАПИСА
Служител, извършил регистрацията/редакцията 30575
Статус, дата на статуса Мартин Енчев
Наличности
Код за отписване Код за изгубен артикул Източник на класификационната схема Код за повреда Коз за рестрикции Код за отдаване Артикулен № Име на библиотеката - собственик Име на библиотеката, в която се намира в момента Статус (Текущо местоположение) Дата на вписване в системата Местоположение - отдел Цена в лева Систематично азбучна сигнатура Баркод Цена в евро Служебен тип на артикула
  Не е изгубен Universal Decimal Classification Не е повреден без рестрикции заемане за дома 830163 Регионална библиотека "Любен Каравелов" Русе Регионална библиотека "Любен Каравелов" Русе Заемна - подръчен фонд 2021-05-17 Заемна - подръчен фонд 11.93 821-31/Ш 96 А 120000855121 6.10 Книги
  Не е изгубен Universal Decimal Classification Не е повреден без рестрикции заемане за дома 830164 Регионална библиотека "Любен Каравелов" Русе Регионална библиотека "Любен Каравелов" Русе Заемна - подръчен фонд 2021-05-17 Заемна - подръчен фонд 11.93 821-31/Ш 96 А 120000855120 6.10 Книги
  Не е изгубен Universal Decimal Classification Не е повреден само за читалня ползва се в читалня 867448 Регионална библиотека "Любен Каравелов" Русе Регионална библиотека "Любен Каравелов" Русе Хранилище 2022-01-07 Хранилище 15.90 Цб 310007 120000863645 8.13 Книги
Vip Innovations Ltd, Rousse, Bulgaria 2025